Normal view
MARC view
Entry Personal Name
001 - CONTROL NUMBER
- control field: 26916
003 - CONTROL NUMBER IDENTIFIER
- control field: dpl
005 - DATE AND TIME OF LATEST TRANSACTION
- control field: 20110401112230.0
008 - FIXED-LENGTH DATA ELEMENTS
- fixed length control field: 110401|||a|||||| | ||| d
040 ## - CATALOGING SOURCE
- Original cataloging agency: dpl
- Transcribing agency: dpl
100 ## - HEADING--PERSONAL NAME
- Personal name: Kohli, Harinder S.
- Dates associated with a name: 1945-
670 ## - SOURCE DATA FOUND
- Source citation: Work cat.: (dpl)0: A resilient Asia amidst global financial crisis :, 2010
670 ## - SOURCE DATA FOUND
- Source citation: Work cat.: (dpl)0: A resilient Asia amidst global financial crisis :, 2010
